| 000 | 00893nac a22002537a 4500 | ||
|---|---|---|---|
| 001 | BR7900995 | ||
| 003 | BR-BrBNA | ||
| 005 | 20240105114402.0 | ||
| 008 | 230509b bl.|||m| |||| 00| 0 por d | ||
| 040 |
_aBR-BrBNA _bpor _cBiblioteca Nacional de Agricultura |
||
| 072 | _aM10 | ||
| 090 | _a8150 BR7900995 | ||
| 110 | 1 |
_aPrograma de Pesquisa e Desenvolvimento Pesqueiro do Brasil, Brasilia, DF (Brasil) _97976 |
|
| 245 | 1 | _aNavio de pesquisa Meste Jeronimo. Relatorio do cruzaeiro no. 3 de 1978. Monitoreio de especies demersais na regiao sul | |
| 260 | 3 |
_aBrasilia, DF (Brasil): _c1978. |
|
| 300 | _a9 p. | ||
| 490 |
_aNavio de Pesquisa Mestre Jeronimo. Relatorio do Cruzeiro (Brazil) _vno. 3 _x |
||
| 650 | _aPRODUCAO PESQUEIRA | ||
| 650 | _aPEIXE MARINHO | ||
| 650 | _aCAPTURA | ||
| 650 | _aREGIAO SUL | ||
| 909 |
_a202312 _bLúcia Elande _c55 _dLúcia Elande |
||
| 942 |
_2AGRIS _n0 _cMS |
||
| 999 |
_c269052 _d269052 |
||